Sedemdesiat rokov prof. Ing. Daniela Chmúrneho, DrSc.

Bibliographic Details
Main Author: Mészáros, Alajos, 1952- (Author)
Format: Article
Language:Slovak
PhysicalDescription:Obr. 1
Subjects:

MARC

LEADER 00000nab a2200000 a 4500
001 vtls000595176
003 SK-MaSNL
005 20260305010422.0
008 160216c1996 xo 0 slo
015 |a SNBRB19rr/mm-uuuuu 
035 |a CL0595315 
040 |a SNKBUCL  |b slo  |c SNKBUCL  |e AACR2 
041 0 |a slo 
044 |a xo  |c SK 
080 |a 681.5-051:681.3-051  |2 1981 
080 |a 681.3-051  |2 1981 
080 |a 378.124  |2 1981 
080 |a 929 Chmúrny, Daniel  |2 1981 
080 |a 66.01-051  |2 1981 
100 1 |a Mészáros, Alajos,  |d 1952-  |4 aut  |9 212354 
245 1 0 |a Sedemdesiat rokov prof. Ing. Daniela Chmúrneho, DrSc.  |c Alojz Mészáros 
300 |b Obr. 1 
600 1 7 |a Chmúrny, Daniel,  |d 1926-1998  |2 snkbucl  |9 37291 
655 7 |a články z novín a časopisov  |2 snkbucl  |9 267496 
773 0 |t AT&P journal  |g Roč. 3, č. 2 (1996), s. 63 
850 |a Slovenská národná knižnica v Martine  |a MTA001 
852 |a SNK  |b KIS3GCP 
958 |a BX 
958 |a RK 
958 |a SK 
992 |a RBX 
999 |c 3246578  |d 3248508